00678cam a22002297a 4500003000500000005001700005008004100022010001000063011001000073035001000083040000900093082001500102100003500117245010000152260004100252300001000293490003000303650002000333650002600353700003900379830003000418CHAP20220329135245.0971013s1987 co r 00010 spa d a33371 a34343 a38459 cCHAP04a633.73bM300aMaya Montalvo, Luis Alejandro.13aLa broca de la cereza del cafeto (Hipothenemus hampei Ferrari 1876) :bresúmenes analíticos aChinchina, Caldas :bCENICAFE,c1987 a351 p 0aBoletín técnicov; 1314aCaféxPlagas.14aStephanoderes hampei.0 aMoncada Botero, María del Pilar.0 aBoletín técnicov; 13